| 000 | 00468nam a2200157 i 4500 | ||
|---|---|---|---|
| 001 | 64225 | ||
| 003 | ES-MaACL | ||
| 005 | 20230906165056.0 | ||
| 007 | t| | ||
| 008 | 031222s1912 it ||||1| ita d | ||
| 100 | 1 |
_aFloreno, Carmelo. _951244 |
|
| 245 | 1 | 4 |
_aDei diritti reali immobiliari quali beni capaci d'ipoteca / _cCarmelo Floreno. |
| 260 |
_aCatania : _b[s.n.], _c1912 ( _fOspizio di Beneficenza) |
||
| 300 |
_aXV, 203 p. ; _c23 cm. |
||
| 852 |
_aES-MaACL _jD-2274 |
||
| 999 |
_c64225 _d64225 |
||